00519nam a2200169Ia 4500003000900000005001700009008004100026040001600067080002500083100002900108245008100137260003500218300001600253650004100269650001800310650002100328IN-BaIIA20250709135502.0211028s9999 xx 000 0 eng d cIIA Library a629.19(047.1)bASS-5 aOrdway III, Frederick I. 0aAdvance in space science and technologybvol. 5cFrederick I. Ordway III  aNew YorkbAcademic Pressc1963 axiii, 334p. aAstronomy and Astrophysics Thesaurus aSpace Science aSpace Technology